| 000 | 00810nam a2200325Ia 4500 | ||
|---|---|---|---|
| 001 | 4582 | ||
| 003 | 9064 | ||
| 005 | 20241016063259.0 | ||
| 008 | ||||||n9999 ||| || || | ||
| 020 | _a9589113117 | ||
| 041 | _aspa | ||
| 082 |
_2NAL _a336.24 |
||
| 110 |
_aCámara de Comercio de Bogotá (Colombia) _94493 |
||
| 245 | 0 |
_aNueva reforma del procedimiento tributario _bcompilacion, comentarios y concordancias de Horacio Ayala |
|
| 260 |
_aBogotá : _bCAMCB, _c1988. |
||
| 300 | _a194p | ||
| 562 | _e2 | ||
| 650 |
_aADMINISTRACION FISCAL _97134 |
||
| 650 |
_aCOLOMBIA _98245 |
||
| 650 | 0 |
_aLegislación _9538 |
|
| 942 | _cBKM | ||
| 999 |
_c4582 _d4582 |
||
| 526 | _a17598 | ||
| 526 | _a102617 | ||
| 526 | _a4969 | ||
| 526 | _a19790 | ||
| 526 | _a104436 | ||
| 526 | _a5144 | ||
| 526 | _a51868 | ||
| 526 | _a1697 | ||